LEADER 01134nam2-2200409---450- 001 990000939570203316 005 20050905130707.0 010 $a88-05-01686-1 035 $a0093955 035 $aUSA010093955 035 $a(ALEPH)000093957USA01 035 $a0093955 100 $a20020201d1987----km-y0itay0103----ba 101 $aita 102 $aIT 105 $a||||||||001yy 200 1 $a2$fUgo Perone ... 205 $anuova ed. 210 $aTorino$cEdizioni scientifiche internazionali$d1987 215 $a412 p.$d24 cm 410 $12001 461 $10010093954$12001$aStoria del pensiero filosofico 606 $aFilosofia$xStoria 676 $a109 702 1$aPERONE,$bUgo 801 0$aIT$bsalbc$gISBD 912 $a990000939570203316 951 $aII.1.A. 231/2(IV B 265 2)$b97324 LM$cIV C 959 $aBK 969 $aUMA 979 $aPATTY$b90$c20020201$lUSA01$h1711 979 $c20020403$lUSA01$h1737 979 $aPATRY$b90$c20040406$lUSA01$h1705 979 $aCOPAT7$b90$c20050531$lUSA01$h1419 979 $aCOPAT7$b90$c20050905$lUSA01$h1307 996 $a2$961340 997 $aUNISA LEADER 01199nam--2200397---450- 001 990001403440203316 005 20090526140113.0 010 $a88-8114-123-X 035 $a000140344 035 $aUSA01000140344 035 $a(ALEPH)000140344USA01 035 $a000140344 100 $a20040209d1995----km-y0enga50------ba 101 0 $aita 102 $aIT 105 $ay|||z|||001yy 200 1 $aSaggi di etica, giuridica e politica$fGino Capozzi 210 $aNapoli$cEdizioni scientifiche italiane$d1995 215 $a245 p.$d22 cm 225 2 $aScienza nuova$i2. ser.$v1 410 0$12001$aScienza nuova$h2. ser.$v1 606 0 $aDiritto 606 0 $aFilosofia e teoria 676 $a340.1 700 1$aCAPOZZI,$bGino$0469425 801 0$aIT$bsalbc$gISBD 912 $a990001403440203316 951 $aXXII.1.C 293 (IG XIX 102)$b39127 G.$cXXII.1.C 293 (IG XIX)$d00091326 959 $aBK 969 $aGIU 979 $aMARIA$b10$c20040209$lUSA01$h1141 979 $aPATRY$b90$c20040406$lUSA01$h1739 979 $aRENATO$b90$c20040629$lUSA01$h1641 979 $aRSIAV1$b90$c20090526$lUSA01$h1401 996 $aSaggi di Etica, Giuridica e Politica$9822668 997 $aUNISA LEADER 02645oam 2200625I 450 001 9910792039103321 005 20230525031314.0 010 $a1-134-69489-X 010 $a0-203-75985-0 010 $a1-299-28633-X 010 $a1-134-69482-2 024 7 $a10.4324/9780203759851 035 $a(CKB)2560000000099731 035 $a(EBL)1144492 035 $a(OCoLC)831119558 035 $a(SSID)ssj0000834831 035 $a(PQKBManifestationID)11442691 035 $a(PQKBTitleCode)TC0000834831 035 $a(PQKBWorkID)10982402 035 $a(PQKB)11240459 035 $a(MiAaPQ)EBC1144492 035 $a(Au-PeEL)EBL1144492 035 $a(CaPaEBR)ebr10673001 035 $a(CaONFJC)MIL459883 035 $a(OCoLC)830324441 035 $a(FINmELB)ELB131755 035 $a(EXLCZ)992560000000099731 100 $a20180706d2002 uy 0 101 0 $aeng 135 $aur|n|---||||| 181 $ctxt 182 $cc 183 $acr 200 10$aAdvanced research methods in psychology /$fDavid C. Giles 210 1$aHove, East Sussex ;$aNew York :$cRoutledge,$d2002. 215 $a1 online resource (371 p.) 300 $aDescription based upon print version of record. 311 $a0-415-65346-0 311 $a0-415-22771-2 320 $aIncludes bibliographical references (p. [331]-344) and index. 327 $apt. I. Beyond ANOVA -- pt. II. Measures of relationship : regression techniques -- pt. III. Questionnaires and scales -- pt. IV. Qualitative methods -- pt. V. Other approaches -- pt. VI. Uses and abuses of research. 330 $aHow do you perform a MANOVA? What is grounded theory? How do you draw up a repertory grid? These, and many other questions are addressed in this wide-ranging handbook of methods and analytic techniques which uniquely covers both quantitative and qualitative methods.Based on a broad survey of undergraduate curricula, the book takes curious readers through all of the methods that are taught on psychology courses worldwide, from advanced ANOVA statistics through regression models to test construction, qualitative research and other more unusual techniques such as Q methodology, meta-analysis 606 $aPsychology$xResearch$xMethodology 606 $aPsychology, Experimental 615 0$aPsychology$xResearch$xMethodology. 615 0$aPsychology, Experimental. 676 $a150/.7/2 700 $aGiles$b David$f1964-,$0962004 801 0$bMiAaPQ 801 1$bMiAaPQ 801 2$bMiAaPQ 906 $aBOOK 912 $a9910792039103321 996 $aAdvanced research methods in psychology$93809279 997 $aUNINA